LEADER 01332nam--2200361---450- 001 990005803980203316 005 20130905095238.0 035 $a000580398 035 $aUSA01000580398 035 $a(ALEPH)000580398USA01 035 $a000580398 100 $a20130205d2009----km-y0itay50------ba 101 0 $aita 102 $aIT 105 $a||||||||001yy 200 1 $aSicurezza e prevenzione$eesperienze a confronto$eatti$e6. seminario di aggiornamento dei professionisti CONTARP$e29 settembre - 1 ottobre 2009, Centro congressi Ville Ponti, Varese 210 $aRoma$cINAIL$d2009 215 $a290 p.$d24 cm 225 2 $aQuaderni della Rivista degli infortuni e delle malattie professionali 410 0$aQuaderni della Rivista degli infortuni e delle malattie professionali 606 0 $aLavoro$xSicurezza$2BNCF$xAtti di congressi 676 $a344.0465 710 12$aSeminario di aggiornamento dei professionisti CONTRARP, 6. <2009 ; Varese>$0616384 801 0$aIT$bsalbc$gISBD 912 $a990005803980203316 951 $aXXV.2.K. 210$b66924 G.$cXXV.2.K.$d00318674 959 $aBK 969 $aGIU 979 $aCHIARA$b90$c20130205$lUSA01$h1149 979 $aCHIARA$b90$c20130205$lUSA01$h1151 979 $aPASSARO$b90$c20130905$lUSA01$h0952 996 $aSicurezza e prevenzione$91089630 997 $aUNISA